Statistics for Geography - Countries by Numbers #3

Click here to take the quiz!

General Stats

  • This quiz has been taken 7,545 times
    (1,609 since last reset)
  • The average score is 32 of 45

Answer Stats

HintAnswer% Correct
1 Country that starts with 'Q'Qatar
99%
Qatar
99%
United States of America
98%
Paraguay
97%
2 Landlocked countries in South AmericaBolivia
96%
France
94%
Portugal
94%
8 Countries where Portuguese is an Official LanguageBrazil
93%
Panama
93%
Honduras
91%
Costa Rica
90%
El Salvador
90%
Nicaragua
90%
7 Central American CountriesBelize
89%
Guatemala
89%
Japan
86%
4 Countries with a DisneylandChina
84%
6 Countries with a coastline on the Adriatic SeaItaly
84%
Croatia
82%
Bosnia and Herzegovina
78%
Albania
77%
Montenegro
77%
Slovenia
77%
Haiti
75%
Netherlands
69%
Trinidad and Tobago
67%
3 'Low' CountriesBelgium
62%
Cabo Verde
60%
Sao Tome and Principe
60%
Luxembourg
57%
Papua New Guinea
57%
Angola
54%
Ireland
52%
Bangladesh
50%
5 Island Countries whose capital cities begin with PortMauritius
50%
Djibouti
49%
9 Countries whose capitals begin with a 'D'Senegal
49%
Timor-Leste
47%
Timor-Leste
47%
Mozambique
46%
Vanuatu
45%
Syria
43%
Tanzania
40%
Tajikistan
36%
Guinea-Bissau
33%

Score Distribution

Percentile by Number Answered

Percent of People with Each Score

Your Score History

You have not taken this quiz since the last reset